Письма Вольфарта

Доступно только в Электронных читальных залах Найти на картеНа карте
RUSMARC
00003634nac2a22002533x 450
001033c6ab0-470f-48fc-b518-471f68fbb24f
00520220701143946.0
100##$a20220622l19031903k y0rusy50 ca
1010#$ager
102##$aRU
105##$ay z |||e|
1222#$ad19030721
$ad19031028
2001#$aПисьма Вольфарта
$j21 июля 1903 - 28 октября 1903
215##$a10 листов
251##$cДело
300##$aТекст на немецком языке
300##$aРукописный и типографский текст
461#0$100146f31c0b-2482-4a55-a7be-cfce92df5576
$12001
$aЭнгельгардт Василий Павлович, барон, астроном, музыкант, собиратель материалов о А. В. Суворове
$1251
$cФонд
$1852
$j1824
462#0$10017889321c-552f-4516-aff1-d25a6bed3147
$12001
$aДела постоянного хранения. 1898-1912 гг.
$vД. 13
$1251
$cОпись
$1852
$j1
600#1$aЭнгельгардт
$bВ. П.
$cбарон
$gВасилий Павлович
600#1$aВольфарт
801#0$aRU
$bGA_RF
801#1$aRU
$bГлавНИВЦ
$c20220622
$2rusmarc
801#2$aRU
$bПБ им. Б.Н. Ельцина
$c20220701
$gRCR
$2rusmarc
852##$aГА РФ
$j13
937##$d176997196
$hГАРФ
035##$aRuPRLIB51067814
856##$uhttp://readingroom.main.prlib.ru/item.aspx?id_node=n176997196&mode=full
Формат отображения